00441nam a2200181Ia 4500008004100000020001800041050001400059100002300073245001900096245004500115260001500160260001600175260000900191300001400200300002700214300001000241500000800251170918s9999 xx 000 0 und d a9780545231367 bR989 2011 aRyan, Pam Muñoz  aTony baloney / cPam Muñoz Ryan and Edwin Fotheringham. aNew York : bScholastic, c2011 aunpaged : bcolored illustration ; c23cm. a880